Extinct Mammals found at the La Brea Tar Pits - Statistics

General Stats
  • This quiz has been taken 52 times
  • The average score is 6 of 25
Answer Stats
Hint Answer % Correct
Proboscidea Columbia Mammoth
92%
Carnivora Smilodon
81%
Carnivora Dire Wolf
61%
Carnivora American Lion
53%
Carnivora Short-Faced Bear
39%
Proboscidea Pacific Mastodon
36%
Artiodactyla Ancient Bison
33%
Artiodactyla Giant Bison
33%
Carnivora American Cheetah
31%
Carnivora Homotherium
22%
Pilosa Jefferson's Ground Sloth
22%
Artiodactyla American Camel
17%
Pilosa Harlan's Ground Sloth
11%
Artiodactyla Stilt-Legged Llama
11%
Perissodactyla California Tapir
8%
Pilosa Shasta Ground Sloth
8%
Artiodactyla Dwarf Pronghorn
3%
Rodentia Imperfect Mouse
3%
Perissodactyla Mexican Horse
3%
Carnivora Pleistocene Coyote
3%
Carnivora Pleistocene Jaguar
3%
Artiodactyla Shrub-Ox
3%
Perissodactyla Western Horse
3%
Artiodactyla Wood-Ox
3%
Artiodactyla Flat-Headed Peccary
0%
No matching quizzes found
Score Distribution
Percent of People with Each Score
Percentile by Number Answered
Your Score History
You have not taken this quiz